00694nam a22002297a 4500003000900000001000800009007000300017008003600020100001900056090002000075942000700095040003800102245005400140300001200194955000600206041000800212080001400220260002800234650007100262999001900333952011200352UA-OsUOA 90431 ta20121116b un ||||| |||| 00| 0 ukr d aМаняк В. a821.161.2bМ24 cBK aUA-OsUOAbukrcUA-OsUOAdUA-OsUOA aЗелений мередіанbповісті a258 с. a3 aukr a821.161.2 aК.bМолодьc1967 7a82 Література. Літературознавство2UDC c376458d376458 00102udc4070a101b101d2012-11-16i45550l0o821.161.2 М24p45550r2022-04-01 00:00:00w2012-11-16yBK